Groups of Five - Statistics

General Stats
  • This quiz has been taken 84 times
  • The average score is 8 of 25
Answer Stats
Picture Answer % Correct
The Beach Boys
79%
The Jackson 5
78%
The Rolling Stones
76%
Spice Girls
75%
Fleetwood Mac
71%
Aerosmith
65%
AC/DC
63%
Bon Jovi
41%
Oasis
41%
Iron Maiden
29%
Genesis
25%
The Dave Clark 5
25%
The Animals
21%
Deep Purple
19%
Radiohead
19%
Pearl Jam
18%
The Band
13%
Jethro Tull
12%
Judas Priest
12%
Def Leppard
9%
Yes
9%
The Hollies
7%
The Yardbirds
7%
The Moody Blues
6%
Men at Work
4%
No matching quizzes found
Score Distribution
Percent of People with Each Score
Percentile by Number Answered
Your Score History
You have not taken this quiz